Music Quiz

Random Music or Song Quiz

A Week in Song Lyrics (clips) Quiz Stats

 Plays Quiz not verified by Sporcle

Score 0/16 Timer 03:00
0 Plays Today
% Correct
ABBA
87.9%
Dancing Queen
87.1%
The Beatles
84%
Brown Eyed Girl
81.3%
Eight Days a Week
78.9%
Van Morrison
76.2%
Billy Joel
76.2%
Piano Man
74.2%
% Correct
Manic Monday
71.1%
Friday I'm in Love
57.8%
The Cure
57%
The Bangles
52.7%
I Don't Like Mondays
30.5%
The Boomtown Rats
29.3%
Blur
17.6%
Parklife
17.6%

You're not logged in!

Compare scores with friends on all Sporcle quizzes.
OR
Log In

Show Comments

Extras

Created Oct 14, 2010ReportNominate
Tags:Singers Quiz, Song Quiz, day, week, weekday

Top Quizzes Today


Score Distribution

Your Account Isn't Verified!

In order to create a playlist on Sporcle, you need to verify the email address you used during registration. Go to your Sporcle Settings to finish the process.

Report this User

Report this user for behavior that violates our Community Guidelines.

Details: